<?xml version="1.0" encoding="UTF-8"?>
<record
    xmlns:xsi="http://www.w3.org/2001/XMLSchema-instance"
    xsi:schemaLocation="http://www.loc.gov/MARC21/slim http://www.loc.gov/standards/marcxml/schema/MARC21slim.xsd"
    xmlns="http://www.loc.gov/MARC21/slim">

  <leader>02624cam a22002774a 4500</leader>
  <controlfield tag="001">15592839</controlfield>
  <controlfield tag="005">20210414113930.0</controlfield>
  <controlfield tag="008">090121s2008    enkab    b    001 0 eng  </controlfield>
  <datafield tag="010" ind1=" " ind2=" ">
    <subfield code="a">  2009285036</subfield>
  </datafield>
  <datafield tag="020" ind1=" " ind2=" ">
    <subfield code="a">9781845934569 (pbk.)</subfield>
  </datafield>
  <datafield tag="040" ind1=" " ind2=" ">
    <subfield code="a">DLC</subfield>
    <subfield code="c">DLC</subfield>
    <subfield code="d">DLC</subfield>
  </datafield>
  <datafield tag="050" ind1="0" ind2="0">
    <subfield code="a">G156.5.E26E58</subfield>
    <subfield code="b"> </subfield>
  </datafield>
  <datafield tag="082" ind1="0" ind2="0">
    <subfield code="a">338.4/791</subfield>
    <subfield code="2">22</subfield>
  </datafield>
  <datafield tag="245" ind1="0" ind2="0">
    <subfield code="a">Environmental impacts of ecotourism /</subfield>
    <subfield code="c">edited by Ralf Buckley.</subfield>
  </datafield>
  <datafield tag="260" ind1=" " ind2=" ">
    <subfield code="a">Wallingford, UK ;</subfield>
    <subfield code="a">Cambridge, MA :</subfield>
    <subfield code="b">CABI Pub.,</subfield>
    <subfield code="c">2008.</subfield>
  </datafield>
  <datafield tag="300" ind1=" " ind2=" ">
    <subfield code="a">xii, 389 p.: </subfield>
    <subfield code="b">ill., maps;</subfield>
    <subfield code="c">25cm.</subfield>
  </datafield>
  <datafield tag="490" ind1="0" ind2=" ">
    <subfield code="a">Ecotourism book series ;</subfield>
    <subfield code="v">2</subfield>
  </datafield>
  <datafield tag="504" ind1=" " ind2=" ">
    <subfield code="a">Includes bibliographical references and index.</subfield>
  </datafield>
  <datafield tag="505" ind1=" " ind2=" ">
    <subfield code="a">Contents: Impacts positive and negatve: links between ecotourism and environment -- The Cost of getting there: impacts of travel to ecotourism destination -- Impacts of tourism-related in-migration: the greater yellowstone region -- Impact of hiking and campaign on soils and vegetation: a review -- Environmental impacts associated with recreational horse-riding -- Environmental impacts of motorized off-highway vehicles -- Impacts of tourboats in marine environments -- Impact of recreational power-boating in fresh water ecosystems -- Ecological impacts of tourism in terrestrial polar ecosystems -- Ecological impact and management of tourist engagements with cetaceans -- Impacts of ecotourism on birds -- Impacts of ecotourism on terrestrial wildlife -- Environmentally sustainable trail management -- Managing impacts of camping -- Visitor perceptions of recreation-related resource impacts -- Managing impacts of ecotourism through use rationing and allocation -- Using ecological impact measurements to design visitor management -- Reducing impacts through interpretation, Lamington National Park -- Campsite impacts Prince William sound, Alaska, USA -- The Role of tourism in spreading dieback disease in Australia vegetation -- Instream bacteria as a low-threshold management indicator of tourist impacts in conservation reserves -- Four-wheel drive vehicle impacts in the central coast region of Western Australia -- Ecological impacts of ecotourist visitation on macroalgal beds in Pacific Rim National Park reserve -- Understanding use and users at Italia National Park, Brazil -- Impacts and management of hikers in Kavkazsky State Biosphere reserve, Russia.</subfield>
  </datafield>
  <datafield tag="650" ind1=" " ind2="0">
    <subfield code="a">Ecotourism</subfield>
    <subfield code="x">Environmental aspects.</subfield>
  </datafield>
  <datafield tag="650" ind1=" " ind2="0">
    <subfield code="a">Ecotourism.</subfield>
  </datafield>
  <datafield tag="700" ind1="1" ind2=" ">
    <subfield code="a">Buckley, Ralf.</subfield>
  </datafield>
  <datafield tag="906" ind1=" " ind2=" ">
    <subfield code="a">7</subfield>
    <subfield code="b">cbc</subfield>
    <subfield code="c">origcop</subfield>
    <subfield code="d">2</subfield>
    <subfield code="e">ncip</subfield>
    <subfield code="f">20</subfield>
    <subfield code="g">y-gencatlg</subfield>
  </datafield>
  <datafield tag="942" ind1=" " ind2=" ">
    <subfield code="2">lcc</subfield>
    <subfield code="c">BK</subfield>
  </datafield>
  <datafield tag="999" ind1=" " ind2=" ">
    <subfield code="c">775</subfield>
    <subfield code="d">8275</subfield>
  </datafield>
  <datafield tag="952" ind1=" " ind2=" ">
    <subfield code="0">0</subfield>
    <subfield code="1">0</subfield>
    <subfield code="2">lcc</subfield>
    <subfield code="4">0</subfield>
    <subfield code="7">0</subfield>
    <subfield code="a">WIUC-1</subfield>
    <subfield code="b">WIUC-1</subfield>
    <subfield code="c">GEN</subfield>
    <subfield code="d">2012-04-26</subfield>
    <subfield code="l">0</subfield>
    <subfield code="o">G156.5.E26E58</subfield>
    <subfield code="p">1926/12</subfield>
    <subfield code="r">2012-04-26 00:00:00</subfield>
    <subfield code="t">1</subfield>
    <subfield code="w">2012-04-26</subfield>
    <subfield code="y">BK</subfield>
  </datafield>
</record>
